Music Quiz

Random Music Quiz

Atmosphere next line Quiz Stats

 Plays Quiz not verified by Sporcle

Also try: Music Box Sets
Challenge
Share
Tweet
Embed
Score 0/12 Timer 07:00
0 Plays Today
Hint Answer % Correct
I heard a bird cryIt was pathetic
55.6%
Was that you, looked just like youStrange things my imagination might do
55.6%
The first time she met the devil was at first avenue Went back stage with him into the dressing room
44.4%
She's a beautiful soul to have and to holdAnd wipe my butt when I get old
44.4%
I know a guy with a rockstar lifeBut he still don't fly, so he's mad at the sky
44.4%
Everything is all I have to give youAnd I'm afraid it ain't enough
33.3%
Wound the watch til it brokeAll in hopes of stopping the time
33.3%
Don't you just love that profile page?Where we use our voice and take the stage
33.3%
Won't quit til I hit CaliforniaAnd make you my Golden State Goddess
33.3%
Apocalyptic, little predictableOpportunity, hypocritical
33.3%
Get a taste of your soul when you hold breathWe act like we got a whole lot of road left
33.3%
In the cafe bathroom, drinking free tap waterThinking damn I should of been a better father to my daughter
22.2%

You're not logged in!

Compare scores with friends on all Sporcle quizzes.
OR
Log In

You Might Also Like...

Show Comments

Extras

Created Mar 16, 2015ReportNominate
Tags:atmosphere, next, track

Top Quizzes Today


Score Distribution

Your Account Isn't Verified!

In order to create a playlist on Sporcle, you need to verify the email address you used during registration. Go to your Sporcle Settings to finish the process.

Report this User

Report this user for behavior that violates our Community Guidelines.

Details: